Marquette Basketball: Top 10 All-Time Leaders - Statistics

General Stats
  • This quiz has been taken 34 times
    1 since last reset
  • The average score is 57 of 94
Answer Stats
Category # Player Amount % Correct
Rebounds 2 Bo Ellis 1,085
100%
Points 6 Butch Lee 1,735
100%
Blocks 6 Chris Otule 145
100%
Games T7 Davante Gardner 127
100%
Games 2 David Cubillan 133
100%
Points Per Game 5 Dean Meminger 18.8
100%
Games 3 Derrick Wilson 132
100%
Steals 5 Doc Rivers 203
100%
Points 5 Dominic James 1,749
100%
Assists 3 Dominic James 632
100%
Steals 2 Dominic James 238
100%
Games 5 Dominic James 129
100%
Rebounds 1 Don Kojis 1,222
100%
Points Per Game 6 Don Kojis 18.6
100%
Blocks 4 Faisal Abraham 172
100%
Points 4 George Thompson 1,773
100%
Points Per Game 2 George Thompson 20.4
100%
Points 2 Jerel McNeal 1,985
100%
Assists 8 Jerel McNeal 455
100%
Steals 1 Jerel McNeal 287
100%
Games 4 Jerel McNeal 130
100%
Blocks 1 Jim McIlvaine 390
100%
Games T10 Joe Chapman 126
100%
Assists 9 Junior Cadougan 435
100%
Three Pointers Made 4 Kameron Jones 251
100%
Points 3 Lazar Hayward 1,859
100%
Rebounds 4 Lazar Hayward 910
100%
Steals T10 Lazar Hayward 158
100%
Games 1 Lazar Hayward 138
100%
Assists 6 Lloyd Walton 480
100%
Blocks 5 Luke Fischer 153
100%
Field Goal Percent 2 Luke Fischer 62.2%
100%
Three Pointers Made 9 Mark Anglavar 216
100%
Points 1 Markus Howard 2,761
100%
Three Pointers Made 1 Markus Howard 434
100%
Points Per Game 1 Markus Howard 21.6
100%
Games 6 Markus Howard 128
100%
Steals 4 Michael Wilson 225
100%
Field Goal Percent 9 Oliver Lee 50.9%
100%
Blocks 7 Oso Ighodaro 130
100%
Field Goal Percent 1 Oso Ighodaro 62.4%
100%
Three Pointers Made 6 Robb Logterman 244
100%
Three Pointers Made 5 Sam Hauser 246
100%
Three Pointers Made 2 Steve Novak 354
100%
Games T10 Steve Novak 126
100%
Blocks 2 Theo John 191
100%
Assists 1 Tony Miller 956
100%
Steals 8 Tony Miller 185
100%
Points 9 Tony Smith 1,687
100%
Assists 7 Tony Smith 469
100%
Steals 6 Tony Smith 190
100%
Field Goal Percent 7 Tony Smith 52.1%
100%
Points 7 Travis Diener 1,691
100%
Assists 4 Travis Diener 617
100%
Steals T10 Travis Diener 158
100%
Three Pointers Made 3 Travis Diener 284
100%
Assists 2 Tyler Kolek 697
100%
Assists 5 Aaron Hutchins 550
0%
Steals 9 Aaron Hutchins 165
0%
Three Pointers Made T7 Aaron Hutchins 221
0%
Blocks 3 Amal McCaskill 175
0%
Points Per Game 10 Andrew Rowsey 16.2
0%
Three Pointers Made 10 Anthony Pieper 211
0%
Points Per Game 7 Bob Wolf 18.3
0%
Points 8 Brian Wardle 1,690
0%
Assists 10 Cordell Henry 430
0%
Rebounds 10 Damon Key 739
0%
Field Goal Percent 8 Damon Key 51.0%
0%
Three Pointers Made T7 Darius Johnson-Odom 221
0%
Field Goal Percent 10 Dwayne Johnson 50.5%
0%
Points Per Game 3 Dwyane Wade 19.7
0%
Field Goal Percent 3 Jerome Whitehead 54.8%
0%
Field Goal Percent 4 Jim Chrones 54.7%
0%
Steals T10 Kerry Trotter 158
0%
Steals 3 Mandy Johnson 233
0%
Steals 7 Michael Sims 188
0%
Rebounds 8 Mike Moran 757
0%
Points Per Game 4 Mike Moran 19.2
0%
Games T7 Ousmane Barro 127
0%
Rebounds 6 Paul Carbins 768
0%
Field Goal Percent 6 Ron Curry 53.1%
0%
Blocks 8 Scott Merritt 113
0%
Games T10 Scott Merritt 126
0%
Rebounds 3 Terry Rand 968
0%
Points Per Game 8 Terry Rand 16.8
0%
Rebounds 5 Tom Flynn 771
0%
Points Per Game 9 Tom Flynn 16.4
0%
Rebounds 7 Trevor Powell 765
0%
Blocks 9 Trevor Powell 108
0%
Field Goal Percent 5 Trevor Powell 53.4%
0%
Blocks 10 Walter Drowning 103
0%
Rebounds 9 Walt Mangham 741
0%
Points 10 Wesley Matthews 1,673
0%
Games T7 Wesley Matthews 127
0%
No matching quizzes found
Score Distribution
Percent of People with Each Score
Percentile by Number Answered
Your Score History
You have not taken this quiz since the last reset